[Event "SGP-ch 74th"]
[Site "Singapore"]
[Date "2023.02.05"]
[Round "6"]
[White "Tan, Zhong Kai"]
[Black "Ong, Yi Herng Joel"]
[Result "0-1"]
[WhiteElo "1923"]
[BlackElo "2086"]
[PlyCount "72"]
[EventDate "2023.01.27"]
[EventType "swiss"]
[EventRounds "9"]
[EventCountry "SIN"]
[SourceTitle "EXT 2024"]
[Source "ChessBase"]
[SourceDate "2023.10.10"]
[SourceVersion "1"]
[SourceVersionDate "2023.10.10"]
[SourceQuality "1"]

1. e4 e6 2. d4 d5 3. Nc3 Nf6 4. Bg5 Be7 5. e5 Nfd7 6. Bxe7 Qxe7 7. f4 a6 8. Nf3 c5 9. Ne2 cxd4 10. Qd2 Nc5 11. 0-0-0 Nc6 12. Nexd4 Bd7 13. Kb1 0-0 14. h4 f5 15. exf6 Qxf6 16. g3 Rae8 17. Qe3 Ne4 18. Nxc6 Nxg3 19. Nce5 Nxh1 20. Qg1 Bc6 21. Rd4 Qe7 22. Qxh1 Qc5 23. Bd3 Bb5 24. Qd1 Bxd3 25. Qxd3 Rf5 26. Ng5 Qf8 27. Rxd5 Qb4 28. c4 Qe1+ 29. Kc2 Qf2+ 30. Kc3 Qxf4 31. Nxe6 Rxe6 32. Ng4 Rxd5 33. cxd5 Qc1+ 34. Qc2 Qxc2+ 35. Kxc2 Re4 36. Nf2 Re2+ 0-1

[Event "Perth op"]
[Site "Perth"]
[Date "2023.01.02"]
[Round "1"]
[White "Tan, Zhong Kai"]
[Black "Gunawan, Marco"]
[Result "1-0"]
[WhiteElo "1923"]
[BlackElo "1507"]
[PlyCount "71"]
[EventDate "2023.01.02"]
[EventType "swiss"]
[EventRounds "11"]
[EventCountry "AUS"]
[SourceTitle "CBM 212 Extra"]
[Source "ChessBase"]
[SourceDate "2023.03.31"]
[SourceVersion "1"]
[SourceVersionDate "2023.03.31"]
[SourceQuality "1"]

1. e4 d5 2. exd5 Nf6 3. Bb5+ Bd7 4. Bc4 c6 5. dxc6 Nxc6 6. Nc3 e5 7. d3 Bc5 8. Nf3 Bg4 9. h3 Bh5 10. g4 Bg6 11. Bg5 e4 12. Qe2 0-0 13. Nxe4 Re8 14. 0-0-0 Qb6 15. Bxf6 Bxe4 16. dxe4 gxf6 17. Rd7 Re7 18. Rxe7 Nxe7 19. g5 Bxf2 20. gxf6 Ng6 21. Kb1 Bd4 22. Nxd4 Qxd4 23. Qd3 Qc5 24. Qd5 Qc7 25. Rd1 Ne5 26. Bb3 Re8 27. h4 h6 28. Qd2 Kh7 29. Rg1 Ng6 30. h5 Qc5 31. hxg6+ fxg6 32. Qd7+ Re7 33. Qxe7+ Qxe7 34. fxe7 Kg7 35. e8Q Kh7 36. Qg8# 1-0

[Event "Tanglin op"]
[Site "Singapore"]
[Date "2022.05.29"]
[Round "2"]
[White "Tan, Zhong Kai"]
[Black "Rice, Leah"]
[Result "1-0"]
[WhiteElo "1912"]
[BlackElo "1244"]
[PlyCount "109"]
[EventDate "2022.05.28"]
[EventType "swiss"]
[EventRounds "9"]
[EventCountry "SIN"]
[SourceTitle "CBM 208 Extra"]
[Source "ChessBase"]
[SourceDate "2022.07.31"]
[SourceVersion "1"]
[SourceVersionDate "2022.07.31"]
[SourceQuality "1"]

1. e4 c6 2. d4 d5 3. exd5 cxd5 4. Bd3 Nc6 5. c3 Nf6 6. Bf4 Bg4 7. Qb3 Qd7 8. Nd2 Qe6+ 9. Kf1 Bf5 10. Be2 Qd7 11. Ngf3 a6 12. h3 h5 13. Qb6 Ne4 14. Nb3 f6 15. c4 g5 16. Be3 Na7 17. cxd5 Qxd5 18. Rc1 Nc8 19. Qa5 Qxa5 20. Nxa5 Ncd6 21. d5 Bh6 22. Nd4 g4 23. Bxh6 Rxh6 24. hxg4 Bg6 25. Ne6 Rb8 26. gxh5 Bf7 27. Nf4 f5 28. Rh3 Nf6 29. Rd3 Rh7 30. Nc4 Nxc4 31. Rxc4 Nxh5 32. Bxh5 Bxh5 33. Rh3 Rd8 34. Rxh5 Rxh5 35. Nxh5 Rxd5 36. Ke2 Kf7 37. Rc7 Rb5 38. b3 Re5+ 39. Kf3 Rb5 40. Nf4 Kf6 41. Nd3 e5 42. Nc5 Ra5 43. a4 Kg6 44. b4 b6 45. bxa5 bxc5 46. Rxc5 Kg5 47. Rxe5 Kh4 48. g3+ Kh3 49. Rxf5 Kh2 50. g4 Kg1 51. Kg3 Kh1 52. f4 Kg1 53. Re5 Kf1 54. Re8 Kg1 55. Re1# 1-0

[Event "Penang op 8th"]
[Site "Penang"]
[Date "2016.12.10"]
[Round "9"]
[White "Ho, Yi Amadeus"]
[Black "Tan, Zhong Kai"]
[Result "0-1"]
[WhiteElo "1410"]
[BlackElo "1858"]
[PlyCount "82"]
[EventDate "2016.12.05"]
[EventType "swiss"]
[EventRounds "9"]
[EventCountry "MAS"]
[SourceTitle "CBM 176 Extra"]
[Source "ChessBase"]
[SourceDate "2017.03.02"]
[SourceVersion "1"]
[SourceVersionDate "2017.03.02"]
[SourceQuality "1"]

1. d4 d5 2. Nf3 Nf6 3. Bf4 c5 4. c3 e6 5. e3 Bd6 6. Bxd6 Qxd6 7. Bd3 Nbd7 8. Nbd2 0-0 9. 0-0 e5 10. dxe5 Nxe5 11. Nxe5 Qxe5 12. Nf3 Qe7 13. Qc2 Re8 14. Rad1 Bg4 15. Be2 a6 16. h3 Bh5 17. a3 Rac8 18. Ne1 Bg6 19. Bd3 Ne4 20. Qe2 Rcd8 21. Nf3 Bh5 22. g4 Bg6 23. Bxe4 Bxe4 24. Nd2 Bc2 25. Rc1 d4 26. Nf3 Ba4 27. cxd4 Bb5 28. Qc2 Bxf1 29. Kxf1 cxd4 30. Nxd4 Qd7 31. Qc7 h6 32. Qxd7 Rxd7 33. Rc5 g6 34. Kg2 Ree7 35. b3 Rc7 36. Rxc7 Rxc7 37. a4 Kf8 38. Kg3 Ke7 39. h4 Kd6 40. h5 Ke5 41. Kh3 Rc1 0-1

[Event "Penang op 8th"]
[Site "Penang"]
[Date "2016.12.09"]
[Round "7"]
[White "Tin, Shan Wen"]
[Black "Tan, Zhong Kai"]
[Result "1-0"]
[WhiteElo "1613"]
[BlackElo "1858"]
[PlyCount "41"]
[EventDate "2016.12.05"]
[EventType "swiss"]
[EventRounds "9"]
[EventCountry "MAS"]
[SourceTitle "CBM 176 Extra"]
[Source "ChessBase"]
[SourceDate "2017.03.02"]
[SourceVersion "1"]
[SourceVersionDate "2017.03.02"]
[SourceQuality "1"]

1. e4 c5 2. Nf3 d6 3. d4 cxd4 4. Qxd4 a6 5. Be3 Nc6 6. Qb6 Qxb6 7. Bxb6 Nf6 8. Nc3 g6 9. 0-0-0 Nd7 10. Be3 Bg7 11. Nd5 0-0 12. Nd4 e6 13. Nxc6 bxc6 14. Ne7+ Kh8 15. Rxd6 c5 16. Nxc8 Nf6 17. Nb6 Ra7 18. f3 Rb8 19. c3 Bf8 20. Rc6 Kg8 21. Na4 1-0